Historie dobývání trhu
Ako si ekonomika poradila v ťažších obdobiach z histórie, ako získavali výrobcovia trh, ako sa na ňom uplatňovali. Pohľad do histórie - výroba a predaj výrobkov v kláštoroch. Cenami proti konkurencii. Právo uplatniť konkurenčnú výhodu v modernej dobe. Vedecké riadenie Fredericka W. Taylora. Riadenie...
Guardado en:
| Autor principal: | |
|---|---|
| Formato: | Capítulo de libro |
| Lenguaje: | checo |
| Materias: | |
| Etiquetas: |
Sin Etiquetas, Sea el primero en etiquetar este registro!
|
MARC
| LEADER | 00000naa$a2200000$$$4500 | ||
|---|---|---|---|
| 001 | 0091794 | ||
| 005 | 20231019093658.1 | ||
| 041 | 0 | |a cze | |
| 044 | |a CZ | ||
| 245 | 1 | 0 | |a Historie dobývání trhu |c Milan Cikánek |
| 520 | |a Ako si ekonomika poradila v ťažších obdobiach z histórie, ako získavali výrobcovia trh, ako sa na ňom uplatňovali. Pohľad do histórie - výroba a predaj výrobkov v kláštoroch. Cenami proti konkurencii. Právo uplatniť konkurenčnú výhodu v modernej dobe. Vedecké riadenie Fredericka W. Taylora. Riadenie založené na analýzach. Schopnosť riešiť zmenu a krízovú situáciu - názor Johna Kotlera na riaditeľské schopnosti. Riadenie podniku podľa Brazílčana Ricarda Semlera a jeho podpora v Japonsku. Stratégia modrého oceánu podľa lektorov Chan Kim a Renée Mauborgneovej. Súčasná hospodárska kríza a úloha marketingu | ||
| 610 | 2 | 0 | |a trh |
| 610 | 2 | 0 | |a konkurencia |
| 610 | 2 | 0 | |a firmy |
| 610 | 2 | 0 | |a manažment |
| 610 | 2 | 0 | |a riadenie podnikové |
| 610 | 2 | 0 | |a riadenie strategické |
| 610 | 2 | 0 | |a marketing |
| 610 | 2 | 0 | |a kríza hospodárska |
| 610 | 2 | 0 | |a kríza finančná |
| 100 | 1 | |a Cikánek, Milan | |